000 00295pam a2200121 a 4500
020 _c
041 _h
100 _aKhan irfan ali ,
_eKhanum atiya .
245 _aFundamentals of biostatistics
_hTextual Documents
260 _aHyderabad :
_bUkaaz Publication .
300 _a533P.
930 _a788
999 _c77716
_d77716